<?xml version="1.0" encoding="UTF-8"?>
<record
    xmlns:xsi="http://www.w3.org/2001/XMLSchema-instance"
    xsi:schemaLocation="http://www.loc.gov/MARC21/slim http://www.loc.gov/standards/marcxml/schema/MARC21slim.xsd"
    xmlns="http://www.loc.gov/MARC21/slim">

  <leader>01884nam a2200241Ia 4500</leader>
  <controlfield tag="005">20231102150534.0</controlfield>
  <controlfield tag="008">120622s1977    mx            000 0 spa d</controlfield>
  <datafield tag="082" ind1=" " ind2=" ">
    <subfield code="a">346.972 P645e v.3 1977</subfield>
  </datafield>
  <datafield tag="100" ind1=" " ind2=" ">
    <subfield code="a">Pina, Rafael de</subfield>
    <subfield code="e">autor</subfield>
  </datafield>
  <datafield tag="245" ind1=" " ind2=" ">
    <subfield code="a">Elementos de derecho civil mexicano </subfield>
    <subfield code="b">: obligaciones civiles, contratos en general / Rafael de Pina ; rev. por Rafael de Pina Vara</subfield>
  </datafield>
  <datafield tag="250" ind1=" " ind2=" ">
    <subfield code="a">4a. edici&#xF3;n</subfield>
  </datafield>
  <datafield tag="260" ind1=" " ind2=" ">
    <subfield code="a">M&#xE9;xico </subfield>
    <subfield code="b">: Porr&#xFA;a</subfield>
    <subfield code="c">, 1977</subfield>
  </datafield>
  <datafield tag="300" ind1=" " ind2=" ">
    <subfield code="a">384 p&#xE1;ginas</subfield>
  </datafield>
  <datafield tag="337" ind1=" " ind2=" ">
    <subfield code="a">texto </subfield>
  </datafield>
  <datafield tag="338" ind1=" " ind2=" ">
    <subfield code="a">sin medio</subfield>
  </datafield>
  <datafield tag="339" ind1=" " ind2=" ">
    <subfield code="a">volumen</subfield>
  </datafield>
  <datafield tag="500" ind1=" " ind2=" ">
    <subfield code="a">Primera edici&#xF3;n 1960
Volumen tercero</subfield>
  </datafield>
  <datafield tag="505" ind1=" " ind2=" ">
    <subfield code="a">Obligaciones civiles
El derecho de obligaciones y la obligaci&#xF3;n civil
Los elementos de la obligaci&#xF3;n
La obligaci&#xF3;n natural
Las fuentes de las obligaciones civiles ( I )
Las fuentes de las obligaciones civiles ( II )
La clasificaci&#xF3;n de las obligaciones civiles ( I )
La clasificaci&#xF3;n de las obligaciones civiles ( II )
El cumplimiento de las obligaciones
Las formas especiales de Pago
Transmisi&#xF3;n de las obligaciones
La extinci&#xF3;n de las obligaciones ( I )
La extinci&#xF3;n de las obligaciones ( II )
El incumplimiento de la obligaci&#xF3;n ( I )
El incumplimiento de la obligaci&#xF3;n ( II )
La tutela de las obligaciones ( I )
La tutela de las obligaciones ( II )
La tutela de las obligaciones ( III )
La responsabilidad civil
La realizaci&#xF3;n de las obligaciones 
Contratos en general
El contratos en general
Los elementos del contrato ( I )
Los elementos del contrato ( II )
La clasificaci&#xF3;n de los contratos
Figuras contractuales de caracterizaci&#xF3;n especial
El precontrato
El autocontrato
El contrato por adhesi&#xF3;n 
Los contratos innominados
La forma en los contratos 
Interpretaci&#xF3;n e integraci&#xF3;n del contrato
Vida y vicisitudes del contrato</subfield>
  </datafield>
  <datafield tag="650" ind1="1" ind2="4">
    <subfield code="a">DERECHO CIVIL </subfield>
    <subfield code="z">M&#xC9;XICO </subfield>
  </datafield>
  <datafield tag="650" ind1="2" ind2="4">
    <subfield code="a">CONTRATOS</subfield>
  </datafield>
  <datafield tag="650" ind1="3" ind2="4">
    <subfield code="a">OBLIGACIONES (DERECHO)</subfield>
  </datafield>
  <datafield tag="942" ind1=" " ind2=" ">
    <subfield code="2">ddc</subfield>
    <subfield code="c">LB</subfield>
  </datafield>
  <datafield tag="952" ind1=" " ind2=" ">
    <subfield code="0">0</subfield>
    <subfield code="1">0</subfield>
    <subfield code="2">ddc</subfield>
    <subfield code="4">0</subfield>
    <subfield code="7">0</subfield>
    <subfield code="a">01</subfield>
    <subfield code="b">01</subfield>
    <subfield code="d">2007-01-25</subfield>
    <subfield code="l">21</subfield>
    <subfield code="m">1</subfield>
    <subfield code="o">346.972 P645e v.3 1977</subfield>
    <subfield code="p">01 000022</subfield>
    <subfield code="r">2018-08-30</subfield>
    <subfield code="s">2018-08-30</subfield>
    <subfield code="w">2012-06-24</subfield>
    <subfield code="y">LB</subfield>
  </datafield>
  <datafield tag="999" ind1=" " ind2=" ">
    <subfield code="c">54781</subfield>
    <subfield code="d">54781</subfield>
  </datafield>
</record>
